El sabio y la política / (Record no. 27890)

MARC details
000 -LEADER
campo de control de longitud fija 00947ntaaa2200253 4500
003 - IDENTIFICADOR DE NÚMERO DE CONTROL
campo de control 01
005 - FECHA Y HORA DE LA ÚLTIMA TRANSACCIÓN
campo de control 20251027203238.0
008 - DATOS DE LONGITUD FIJA--INFORMACIÓN GENERAL
campo de control de longitud fija 0714s1973 ag 01
020 ## - NÚMERO INTERNACIONAL ESTÁNDAR DEL LIBRO
Número Internacional Estándar del Libro 9789871432134
040 ## - FUENTE DE CATALOGACIÓN
Centro catalogador/agencia de origen AR-BaBN
Lengua de catalogación spa
Centro/agencia transcriptor AR-BaBN
Normas de descripción aacr
Centro/agencia modificador RIC
082 ## - NÚMERO DE LA CLASIFICACIÓN DECIMAL DEWEY
Número de clasificación 301 W38
100 ## - ENTRADA PRINCIPAL--NOMBRE DE PERSONA
Nombre de persona Weber, Max
9 (RLIN) 157
245 ## - MENCIÓN DEL TÍTULO
Título El sabio y la política /
Mención de responsabilidad, etc. Max Weber, con prólogo de Juan Carlos Torre, y Delia García Giordano
250 ## - MENCION DE EDICION
Mención de edición 1ª ed.
260 ## - PUBLICACIÓN, DISTRIBUCIÓN, ETC.
Lugar de publicación, distribución, etc. Córdoba :
Nombre del editor, distribuidor, etc. Universidad de Córdoba,
Fecha de publicación, distribución, etc. 2008
490 ## - MENCIÓN DE SERIE
Mención de serie Mínima
500 ## - NOTA GENERAL
Nota general Prólogo con datos biográficos y producción académica de Max Weber
505 ## - NOTA DE CONTENIDO CON FORMATO
Título La ciencia como profesión. Traducción Delia García Giordano de Wissenschaft als Beruf, 1919
505 ## - NOTA DE CONTENIDO CON FORMATO
Título La política como profesión. Traducción J.L.B de Politik als Beruf, 1919
650 ## - PUNTO DE ACCESO ADICIONAL DE MATERIA--TÉRMINO DE MATERIA
Término de materia o nombre geográfico como elemento de entrada SOCIOLOGIA
9 (RLIN) 341
700 ## - ENTRADA AGREGADA--NOMBRE PERSONAL
Nombre de persona Torre, Juan Carlos
Término indicativo de función/relación prologuista
9 (RLIN) 34814
700 ## - ENTRADA AGREGADA--NOMBRE PERSONAL
Nombre de persona García Giordano, Delia
Término indicativo de función/relación traductor
9 (RLIN) 34815
942 ## - ELEMENTOS DE ENTRADA SECUNDARIOS (KOHA)
Tipo de ítem Koha Colección General
Holdings
Estatus retirado Estado de pérdida Estado de daño No para préstamo Biblioteca de origen Biblioteca actual Fecha de adquisición Número de inventario Total de préstamos Signatura topográfica completa Código de barras Visto por última vez Precio de reemplazo Tipo de ítem Koha
        Biblioteca Pluis Biblioteca Pluis 27/10/2025 044302   301 W38 044302 27/10/2025 27/10/2025 Colección General